000 01188cam a22003011a 4500
001 rc 01002204
003 DLC
005 20260227111905.0
007 cr_|||||||||||
008 830914s1880 iluabc 000 0deng
010 _arc 01002204
035 _a(OCoLC)9906773
040 _aDLC
_cMnHi
_dDLC
042 _apremarc
043 _an-us-oh
050 0 0 _aF497.L8
_bH6
245 0 0 _aHistory of Logan County and Ohio :
_bcontaining a history of the state of Ohio, from its earliest settlement to the present time ... a history of Logan County, giving an account of its aboriginal inhabitants ... biographical sketches, portraits of some of the early settlers and prominent men, etc.
260 _aChicago,
_bO.L. Baskin,
_c1880.
300 _a840 p. :
_bill., map, ports. ;
_c26 cm.
500 _aEdited by W.H. Perrin and J.H. Battle.
500 _aSeveral errors in pagination.
530 _aAlso available in digital form on the Internet Archive Web site.
651 0 _aLogan County (Ohio)
_xHistory.
700 1 _aPerrin, William Henry,
_d-1892?
700 1 _aBattle, J. H.
710 2 _aO.L. Baskin & Co.
856 4 1 _uhttp://hdl.loc.gov/loc.gdc/scd0001.00145744088
999 _c52261
_d52261